| 000 | 00518nam a22001697a 4500 | ||
|---|---|---|---|
| 003 | NUST | ||
| 038 | _aNusrat Nadeem | ||
| 082 | _a200 | ||
| 100 |
_aOzair, Muhammad _917225 |
||
| 245 |
_aMathematical Analysis of Vector-Host Diseases Models/ _cMuhammad Ozair |
||
| 264 |
_aIslamabad; _bSNS NUST; _c2015. |
||
| 300 |
_a115,p; _bill; _c30,cm. |
||
| 650 |
_aPhD-Mathematics _9123169 |
||
| 700 |
_aSupervisor;Prof. M. A. Rashid _9123769 |
||
| 856 | _u http://10.250.8.41:8080/xmlui/handle/123456789/3377 | ||
| 942 |
_2ddc _cSC |
||
| 999 |
_c609846 _d609846 |
||